| 000 | 01011cam a2200361 i 4500 | ||
|---|---|---|---|
| 001 | 0000593 | ||
| 003 | DO-SdBNP | ||
| 005 | 20171121101408.0 | ||
| 007 | 0000593 | ||
| 008 | 100514s 2010 sp | |||| 000 f spa | ||
| 015 | _a | ||
| 017 |
_a _b |
||
| 020 | _a9788466369541 | ||
| 035 | _a | ||
| 040 |
_aBPMSU _bspa _cBPMSU _e |
||
| 080 | _a | ||
| 082 | 4 |
_a864.44 _bC315n |
|
| 100 | 1 |
_aCarreter, Fernando Lázaro, _d1923-2004 |
|
| 245 | 1 | 2 |
_aEl nuevo dardo en la palabra / _cFernando Lázaro Carreter |
| 250 | _a2a. ed. | ||
| 260 |
_aMadrid: _bSantillana ediciones generales, _c2010. |
||
| 300 |
_a289 p.: _c19 cm |
||
| 490 | 1 |
_aPunto de lectura _v189 / 1 |
|
| 500 | _aIncluye datos biográficos del autor. | ||
| 500 | _aIncluye índice de términos. | ||
| 650 | 4 | _aENSAYOS ESPAÑOLES | |
| 650 | 4 | _aLITERATURA ESPAÑOLA | |
| 651 | _aLITERATURA ESPAÑOLA | ||
| 830 | 0 |
_aPunto de lectura _n189 / 1 |
|
| 942 |
_2ddc _cBK |
||
| 945 | _aInventariado, 2017/MFF | ||
| 956 |
_aYLOCKWARD _810 _cBPMSU |
||
| 999 |
_c11114 _d11114 |
||